Statistiken für Länder, die mit K beginnen

Klicken Sie hier um das Quiz zu spielen!

Allgemein

  • Dieses Quiz wurde 5,900 mal gespielt
  • Das Durchschnittsergebnis liegt bei 11 aus 15

Antwortstatistiken

Land % Korrekt
Kanada
95%
Kasachstan
88%
Kolumbien
81%
Kenia
80%
Kirgisistan
80%
Kamerun
76%
Kambodscha
73%
Kroatien
72%
Kuba
67%
Kiribati
65%
Komoren
64%
Kuwait
63%
Kosovo
60%
Kap Verde
58%
Katar
56%

Verteilung der Resultate

Perzentil nach korrekt beantworteten Fragen

Anzahl Personen mit jedem Resultat

Ihre Resultats-Entwicklung

Sie haben dieses Quiz noch nicht gespielt